[Event "GER-chT U20"]
[Site "Borken"]
[Date "2016.12.29"]
[Round "6.1"]
[White "Keller, Peter1111"]
[Black "Kieslich, Aaron"]
[Result "1/2-1/2"]
[WhiteElo "2253"]
[BlackElo "2027"]
[PlyCount "119"]
[EventDate "2016.12.27"]
[EventType "team-swiss"]
[EventRounds "7"]
[EventCountry "GER"]
[SourceTitle "EXT 2018"]
[Source "ChessBase"]
[SourceDate "2017.10.13"]
[SourceVersion "1"]
[SourceVersionDate "2017.10.13"]
[SourceQuality "1"]
[WhiteTeam "Frankfurt"]
[BlackTeam "Coswig"]
[WhiteTeamCountry "GER"]
[BlackTeamCountry "GER"]

1. e4 c5 2. Nf3 d6 3. Bb5+ Bd7 4. Bxd7+ Qxd7 5. c4 Nc6 6. 0-0 g6 7. d4 cxd4 8. Nxd4 Bg7 9. Be3 Nf6 10. f3 Rc8 11. b3 0-0 12. Nc3 e6 13. Qd2 Rfd8 14. Rfd1 d5 15. Nxc6 bxc6 16. Bg5 dxe4 17. Qf4 Nd5 18. Bxd8 Bxc3 19. Rab1 Rxd8 20. Qxe4 Qc7 21. cxd5 cxd5 22. Qd3 d4 23. Kh1 e5 24. Rbc1 Re8 25. Re1 Qe7 26. Re2 f5 27. Rxc3 dxc3 28. Qxc3 e4 29. fxe4 fxe4 30. Qc4+ Kg7 31. Qd4+ Kg8 32. h3 e3 33. b4 h6 34. Qc4+ Qe6 35. Qxe6+ Rxe6 36. a3 h5 37. h4 Kf7 38. g3 a5 39. bxa5 Ra6 40. Rxe3 Rxa5 41. Kg2 Kf6 42. Kf2 Kf5 43. Ke2 Rd5 44. a4 Ra5 45. Ra3 Ke5 46. Ke3 Kd5 47. Kd3 Kc5 48. Kc3 Kb6 49. Kb4 g5 50. Rc3 Re5 51. a5+ Ka6 52. Rc6+ Ka7 53. Rc5 gxh4 54. gxh4 Re4+ 55. Rc4 Re5 56. Rf4 Ka6 57. Rf6+ Ka7 58. Rh6 Re4+ 59. Kb5 Re5+ 60. Kb4 1/2-1/2

[Event "GER-chT U20"]
[Site "Osnabrueck"]
[Date "2015.12.28"]
[Round "3.1"]
[White "Kieslich, Aaron"]
[Black "Friedrich, Wiede"]
[Result "1/2-1/2"]
[WhiteElo "2008"]
[BlackElo "2228"]
[PlyCount "149"]
[EventDate "2015.12.27"]
[EventType "team-swiss"]
[EventRounds "7"]
[EventCountry "GER"]
[SourceTitle "EXT 2017"]
[Source "ChessBase"]
[SourceDate "2016.10.25"]
[SourceVersion "1"]
[SourceVersionDate "2016.10.25"]
[SourceQuality "1"]
[WhiteTeam "Coswig"]
[BlackTeam "Potsdam"]
[WhiteTeamCountry "GER"]
[BlackTeamCountry "GER"]

1. d4 Nf6 2. c4 e6 3. Nc3 Bb4 4. e3 b6 5. Nge2 Ba6 6. a3 Be7 7. Nf4 Bb7 8. f3 d6 9. d5 g5 10. Nfe2 g4 11. fxg4 Nxg4 12. Nf4 Ne5 13. dxe6 Bh4+ 14. Kd2 Na6 15. exf7+ Nxf7 16. Qg4 Nc5 17. Kc2 Bc8 18. Qh5 Qg5 19. Qxg5 Bxg5 20. e4 Bb7 21. Nfd5 0-0-0 22. b4 Ne6 23. Bxg5 Nfxg5 24. h4 Nf7 25. g4 Bxd5 26. cxd5 Nd4+ 27. Kd3 Nf3 28. Ke3 N3e5 29. Be2 h6 30. Nb5 a6 31. Nd4 b5 32. Raf1 Rh7 33. Rf6 Nd7 34. Rf2 Nfe5 35. Ne6 Rg8 36. Rg1 Nb6 37. Kd4 Ng6 38. h5 Ne5 39. Rf4 Nf7 40. Rgf1 Ng5 41. Rf8+ Rxf8 42. Rxf8+ Kb7 43. Nxg5 hxg5 44. Rg8 Rf7 45. Rxg5 Rf2 46. Ke3 Rh2 47. Rf5 c5 48. dxc6+ Kxc6 49. g5 Nc4+ 50. Bxc4 bxc4 51. Kd4 c3 52. Kxc3 Rxh5 53. g6 Rh3+ 54. Kd4 Rg3 55. Rf6 Kd7 56. Rf7+ Ke6 57. a4 Rxg6 58. Ra7 Rg1 59. Rxa6 Rd1+ 60. Kc3 Ke5 61. Kc2 Rd4 62. b5 Rxe4 63. a5 Kd5 64. b6 Kc6 65. Ra7 Rb4 66. Rc7+ Kb5 67. a6 Kxa6 68. Rd7 Rxb6 69. Kd3 Kb5 70. Rh7 Kc5 71. Rh4 Rb3+ 72. Kd2 d5 73. Rg4 Rh3 74. Rf4 d4 75. Rf8 1/2-1/2

[Event "GER-chT U20"]
[Site "Naumburg Saale"]
[Date "2014.12.28"]
[Round "3.2"]
[White "Zolfagharian, Kevin"]
[Black "Kieslich, Aaron"]
[Result "0-1"]
[WhiteElo "2086"]
[BlackElo "1944"]
[PlyCount "93"]
[EventDate "2014.12.27"]
[EventType "team-swiss"]
[EventRounds "7"]
[EventCountry "GER"]
[SourceTitle "EXT 2016"]
[Source "ChessBase"]
[SourceDate "2015.10.08"]
[SourceVersion "1"]
[SourceVersionDate "2015.10.08"]
[SourceQuality "1"]
[WhiteTeam "Solingen"]
[BlackTeam "Coswig TuS"]
[WhiteTeamCountry "GER"]
[BlackTeamCountry "GER"]

1. e4 c5 2. Nf3 d6 3. d4 cxd4 4. Nxd4 Nf6 5. Nc3 a6 6. Bg5 e6 7. Qe2 Nbd7 8. 0-0-0 Qc7 9. f4 Be7 10. g3 b5 11. Bg2 b4 12. e5 dxe5 13. Bxa8 bxc3 14. Nb3 h6 15. fxe5 hxg5 16. exf6 Bxf6 17. Qe4 Ne5 18. bxc3 0-0 19. Qb4 Bd7 20. Be4 Rc8 21. Rhe1 Bb5 22. Nd4 Be7 23. Nxb5 axb5 24. Qb3 Nc4 25. Rd3 Rb8 26. Red1 f5 27. Rd7 Ba3+ 28. Kb1 Qa5 29. Bd3 Rc8 30. Rd4 Qa6 31. Bxc4 bxc4 32. Rd8+ Kh7 33. Qxa3 Qxa3 34. Rxc8 Qxc3 35. Rb8 Qf3 36. Rdd8 f4 37. a4 Qa3 38. gxf4 gxf4 39. Rd4 f3 40. Rxc4 Qd6 41. Rh4+ Kg6 42. Rbb4 f2 43. Rbf4 Qd1+ 44. Kb2 f1Q 45. Rxf1 Qxf1 46. Kb3 Qb1+ 47. Kc3 0-1

[Event "GER-chT U20"]
[Site "Naumburg Saale"]
[Date "2014.12.27"]
[Round "2.2"]
[White "Kieslich, Aaron"]
[Black "Naundorf, Johannes"]
[Result "1-0"]
[WhiteElo "1944"]
[BlackElo "1714"]
[PlyCount "59"]
[EventDate "2014.12.27"]
[EventType "team-swiss"]
[EventRounds "7"]
[EventCountry "GER"]
[SourceTitle "EXT 2016"]
[Source "ChessBase"]
[SourceDate "2015.10.08"]
[SourceVersion "1"]
[SourceVersionDate "2015.10.08"]
[SourceQuality "1"]
[WhiteTeam "Coswig TuS"]
[BlackTeam "Meuselwitz"]
[WhiteTeamCountry "GER"]
[BlackTeamCountry "GER"]

1. d4 c5 2. d5 Nf6 3. c4 g6 4. Nc3 d6 5. e4 Bg7 6. f3 0-0 7. Be3 e6 8. Nge2 exd5 9. cxd5 Na6 10. Ng3 Nc7 11. a4 b6 12. Be2 Bd7 13. 0-0 a6 14. Qd2 b5 15. e5 dxe5 16. Bxc5 Re8 17. Nge4 bxa4 18. Nxf6+ Bxf6 19. Ne4 Bg7 20. Rfc1 Nb5 21. Bxb5 axb5 22. Nd6 Rf8 23. Nb7 Qb8 24. Bxf8 Bxf8 25. Nc5 Qb6 26. Qf2 Bf5 27. Ne4 Qb7 28. Rc6 Rd8 29. Nf6+ Kg7 30. Qh4 1-0

[Event "Dresden ZMD op 22nd"]
[Site "Dresden"]
[Date "2013.08.14"]
[Round "5"]
[White "Hansch, Karsten"]
[Black "Kieslich, Aaron"]
[Result "1-0"]
[WhiteElo "2141"]
[BlackElo "2011"]
[PlyCount "67"]
[EventDate "2013.08.10"]
[EventType "swiss"]
[EventRounds "9"]
[EventCountry "GER"]
[SourceTitle "CBM 155 Extra"]
[Source "ChessBase"]
[SourceDate "2013.08.26"]
[SourceVersion "1"]
[SourceVersionDate "2013.08.26"]
[SourceQuality "1"]

1. c4 Nf6 2. g3 e6 3. Bg2 d5 4. Nf3 dxc4 5. 0-0 c6 6. a4 Nbd7 7. Qc2 Be7 8. Na3 0-0 9. Nxc4 Nd5 10. d3 N7b6 11. Bd2 Nxc4 12. Qxc4 Bf6 13. Rab1 Bd7 14. e4 Nb6 15. Qc2 e5 16. Bc3 Qe7 17. b4 Rac8 18. a5 Na8 19. Ba1 Rfe8 20. Qc5 b6 21. Qxe7 Rxe7 22. Rfe1 c5 23. axb6 axb6 24. bxc5 bxc5 25. Rb7 Rc7 26. Rb8+ Rc8 27. Rxc8+ Bxc8 28. Rc1 Ba6 29. Rxc5 Rd7 30. Bf1 Nc7 31. Bxe5 Bxe5 32. Nxe5 Re7 33. Nc6 Re8 34. Nb4 1-0

[Event "GER-ch U16"]
[Site "Oberhof"]
[Date "2013.05.23"]
[Round "7"]
[White "Mueller, Max1111"]
[Black "Kieslich, Aaron"]
[Result "1/2-1/2"]
[WhiteElo "1807"]
[BlackElo "2028"]
[PlyCount "50"]
[EventDate "2013.05.19"]
[EventType "swiss"]
[EventRounds "9"]
[EventCountry "GER"]
[SourceTitle "CBM 154 Extra"]
[Source "ChessBase"]
[SourceDate "2013.06.25"]
[SourceVersion "2"]
[SourceVersionDate "2013.06.25"]
[SourceQuality "1"]

1. c4 c5 2. g3 Nf6 3. Bg2 e6 4. Nf3 Nc6 5. 0-0 Be7 6. Nc3 0-0 7. b3 d5 8. cxd5 exd5 9. d4 h6 10. dxc5 Bxc5 11. Bb2 Be6 12. Rc1 Be7 13. e3 Qd7 14. Qe2 Bg4 15. Rfd1 Qf5 16. Nb5 Qh5 17. h3 Bxh3 18. Bxh3 Qxh3 19. Nc7 Rac8 20. Bxf6 Rxc7 21. Bxe7 Rxe7 22. Rxd5 Rd7 23. Rcd1 Rfd8 24. e4 Qe6 25. Qc4 Ne7 1/2-1/2

[Event "GER-ch U16"]
[Site "Oberhof"]
[Date "2013.05.22"]
[Round "6"]
[White "Kieslich, Aaron"]
[Black "Eichstaedt, Mirko"]
[Result "1/2-1/2"]
[WhiteElo "2028"]
[BlackElo "1927"]
[PlyCount "86"]
[EventDate "2013.05.19"]
[EventType "swiss"]
[EventRounds "9"]
[EventCountry "GER"]
[SourceTitle "CBM 154 Extra"]
[Source "ChessBase"]
[SourceDate "2013.06.25"]
[SourceVersion "2"]
[SourceVersionDate "2013.06.25"]
[SourceQuality "1"]

1. d4 d5 2. c4 c6 3. Nf3 Nf6 4. Nc3 dxc4 5. e3 b5 6. a4 b4 7. Nb1 Ba6 8. Ne5 e6 9. Nxc4 c5 10. Qf3 Qd5 11. Nbd2 Qxf3 12. Nxf3 Be7 13. b3 0-0 14. Bb2 Nbd7 15. Nfe5 Nxe5 16. dxe5 Nd7 17. 0-0-0 Bxc4 18. Rxd7 Bxf1 19. Rxf1 Bd8 20. Rfd1 Bb6 21. Kc2 Rfc8 22. Kd3 Kf8 23. Kc4 Ke8 24. Bc1 a6 25. e4 Rd8 26. Rxd8+ Bxd8 27. Kxc5 Rb8 28. Kc4 Be7 29. Bb2 Rc8+ 30. Kd3 Rd8+ 31. Ke2 Rxd1 32. Kxd1 Bc5 33. Ke2 Kd7 34. f4 a5 35. Bc1 Kc6 36. g4 Bd4 37. Be3 Bxe3 38. Kxe3 Kc5 39. Kd3 Kb6 40. Kd4 Kc6 41. f5 g6 42. h4 h6 43. g5 h5 1/2-1/2

[Event "GER-ch U16"]
[Site "Oberhof"]
[Date "2013.05.21"]
[Round "5"]
[White "Bingert, Tim Niklas"]
[Black "Kieslich, Aaron"]
[Result "1-0"]
[WhiteElo "2020"]
[BlackElo "2028"]
[PlyCount "105"]
[EventDate "2013.05.19"]
[EventType "swiss"]
[EventRounds "9"]
[EventCountry "GER"]
[SourceTitle "CBM 154 Extra"]
[Source "ChessBase"]
[SourceDate "2013.06.25"]
[SourceVersion "2"]
[SourceVersionDate "2013.06.25"]
[SourceQuality "1"]

1. e4 c5 2. Nf3 d6 3. d4 cxd4 4. Nxd4 Nf6 5. Nc3 a6 6. Be2 e6 7. 0-0 Qc7 8. a4 Nc6 9. Be3 Be7 10. f4 0-0 11. Kh1 Re8 12. Bf3 Bf8 13. Qd2 Bd7 14. Nb3 Na5 15. Nxa5 Qxa5 16. Rad1 Kh8 17. e5 dxe5 18. fxe5 Nd5 19. Nxd5 Qxd2 20. Rxd2 exd5 21. Bxd5 Bc6 22. Bxc6 bxc6 23. Bf4 Rad8 24. Rxd8 Rxd8 25. h3 Kg8 26. Kh2 g6 27. Kg3 Bg7 28. Re1 Re8 29. Kf2 Kf8 30. Re3 Ke7 31. Kf3 Ke6 32. Rd3 Bf8 33. b3 Rb8 34. Ke4 h5 35. Bd2 Rb7 36. Ba5 c5 37. Rd8 Bg7 38. Rd6+ Ke7 39. Rxa6 Rd7 40. Bc3 Rd1 41. Rd6 Rg1 42. Rd2 Ke6 43. Re2 Rd1 44. a5 Rd8 45. Re1 Rd7 46. Kf4 Bh6+ 47. Kf3 Bg7 48. a6 Rd8 49. Ke4 Ra8 50. Ra1 Ra7 51. Ra5 Bf8 52. Bd2 Be7 53. Be3 1-0

[Event "GER-ch U16"]
[Site "Oberhof"]
[Date "2013.05.20"]
[Round "3"]
[White "Brinkmann, Fabian"]
[Black "Kieslich, Aaron"]
[Result "0-1"]
[WhiteElo "1827"]
[BlackElo "2028"]
[PlyCount "59"]
[EventDate "2013.05.19"]
[EventType "swiss"]
[EventRounds "9"]
[EventCountry "GER"]
[SourceTitle "CBM 154 Extra"]
[Source "ChessBase"]
[SourceDate "2013.06.25"]
[SourceVersion "2"]
[SourceVersionDate "2013.06.25"]
[SourceQuality "1"]

1. e4 c5 2. Nf3 d6 3. d4 cxd4 4. Nxd4 Nf6 5. Nc3 a6 6. Bg5 e6 7. f4 Be7 8. Qf3 Qc7 9. 0-0-0 Nbd7 10. g4 b5 11. Bxf6 Nxf6 12. g5 Nd7 13. a3 Rb8 14. h4 b4 15. axb4 Rxb4 16. h5 Qb6 17. Nb3 0-0 18. g6 fxg6 19. hxg6 h6 20. Bh3 Ne5 21. Qh5 Rxf4 22. Nd5 exd5 23. Bxc8 dxe4 24. Be6+ Kh8 25. Rdg1 Qe3+ 26. Kb1 Rh4 27. Qf5 Rxh1 28. Rxh1 Qg5 29. c3 Qxf5 30. Bxf5 0-1

[Event "Oberliga Ost-A 1213"]
[Site "Germany"]
[Date "2013.04.14"]
[Round "11.6"]
[White "Weder, Axel"]
[Black "Kieslich, Aaron"]
[Result "0-1"]
[WhiteElo "1975"]
[BlackElo "1987"]
[PlyCount "70"]
[EventDate "2012.10.14"]
[EventType "team-tourn"]
[EventRounds "11"]
[EventCountry "GER"]
[SourceTitle "EXT 2014"]
[Source "ChessBase"]
[SourceDate "2013.11.20"]
[SourceVersion "1"]
[SourceVersionDate "2013.11.20"]
[SourceQuality "1"]
[WhiteTeam "Dessau"]
[BlackTeam "Coswig"]
[WhiteTeamCountry "GER"]
[BlackTeamCountry "GER"]

1. c4 c5 2. Nc3 b6 3. g3 Bb7 4. e4 Nf6 5. Bg2 e6 6. Nge2 d6 7. 0-0 a6 8. d4 cxd4 9. Nxd4 Qc7 10. Qe2 Nbd7 11. Bd2 Rc8 12. b3 Be7 13. Rac1 0-0 14. g4 h6 15. h4 Nh7 16. h5 Bf6 17. Be3 Qb8 18. f4 Qa8 19. Rf2 Nc5 20. g5 hxg5 21. fxg5 Be5 22. Qg4 Nd3 23. g6 Nf6 24. Rxf6 Bxf6 25. Rf1 Bxd4 26. Bxd4 f5 27. Qh3 Ne5 28. h6 Rc7 29. Bxb6 Rd7 30. h7+ Kh8 31. Qg3 Qe8 32. Bd4 Nxg6 33. exf5 Bxg2 34. Re1 Rxf5 35. Qxg2 Nh4 0-1

[Event "Sachsen-ch U16"]
[Site "Sebnitz"]
[Date "2013.04.05"]
[Round "6"]
[White "Waschischeck, Tom"]
[Black "Kieslich, Aaron"]
[Result "0-1"]
[WhiteElo "1672"]
[BlackElo "2031"]
[PlyCount "38"]
[EventDate "2013.04.02"]
[EventType "swiss"]
[EventRounds "7"]
[EventCountry "GER"]
[SourceTitle "EXT 2014"]
[Source "ChessBase"]
[SourceDate "2013.11.20"]
[SourceVersion "1"]
[SourceVersionDate "2013.11.20"]
[SourceQuality "1"]

1. e4 c5 2. Nf3 d6 3. d4 cxd4 4. Nxd4 Nf6 5. Nc3 a6 6. Be3 e6 7. g4 d5 8. e5 Ne4 9. Bg2 Nxc3 10. bxc3 Qc7 11. Qd3 Qxe5 12. f4 Qc7 13. 0-0 Bd6 14. h3 Nd7 15. Bd2 0-0 16. f5 Ne5 17. Qe3 Nc4 18. Qd3 Be5 19. Rad1 Bd7 0-1

[Event "Sachsen-ch U16"]
[Site "Sebnitz"]
[Date "2013.04.03"]
[Round "2"]
[White "Wildermuth, Tim"]
[Black "Kieslich, Aaron"]
[Result "0-1"]
[WhiteElo "1515"]
[BlackElo "2031"]
[PlyCount "42"]
[EventDate "2013.04.02"]
[EventType "swiss"]
[EventRounds "7"]
[EventCountry "GER"]
[SourceTitle "EXT 2014"]
[Source "ChessBase"]
[SourceDate "2013.11.20"]
[SourceVersion "1"]
[SourceVersionDate "2013.11.20"]
[SourceQuality "1"]

1. e4 c5 2. Nf3 d6 3. d4 cxd4 4. Nxd4 Nf6 5. Nc3 a6 6. Be3 e6 7. g4 b5 8. g5 Nfd7 9. Bxb5 axb5 10. Ndxb5 Ne5 11. Qe2 Ba6 12. f4 Nec6 13. Qd2 Be7 14. 0-0-0 Bxb5 15. Nxb5 Rxa2 16. Kb1 Ra6 17. f5 Ne5 18. fxe6 fxe6 19. Qc3 0-0 20. Qb3 Qc8 21. Nd4 Nc4 0-1

[Event "Sachsen-ch U16"]
[Site "Sebnitz"]
[Date "2013.04.02"]
[Round "1"]
[White "Kieslich, Aaron"]
[Black "Reiche, Niccolo"]
[Result "1-0"]
[WhiteElo "2031"]
[BlackElo "1662"]
[PlyCount "77"]
[EventDate "2013.04.02"]
[EventType "swiss"]
[EventRounds "7"]
[EventCountry "GER"]
[SourceTitle "EXT 2014"]
[Source "ChessBase"]
[SourceDate "2013.11.20"]
[SourceVersion "1"]
[SourceVersionDate "2013.11.20"]
[SourceQuality "1"]

1. d4 e6 2. c4 d5 3. Nc3 Bb4 4. e3 Nf6 5. Nge2 0-0 6. a3 Bxc3+ 7. Nxc3 Nc6 8. Bd3 h6 9. 0-0 Ne7 10. Qc2 c6 11. b4 a5 12. b5 dxc4 13. Bxc4 Ned5 14. bxc6 bxc6 15. Ne4 Nb6 16. Be2 Qc7 17. a4 Nbd5 18. Ba3 Nb4 19. Bxb4 axb4 20. Qc5 Nd5 21. Rfc1 b3 22. Rcb1 f5 23. Nd2 Ra5 24. Qc1 Qa7 25. Nxb3 Rxa4 26. Qxc6 Rxa1 27. Rxa1 Qe7 28. Nc5 f4 29. e4 Nf6 30. Bc4 Re8 31. Ra8 Bd7 32. Rxe8+ Qxe8 33. Nxd7 Nxd7 34. Bxe6+ Kh7 35. Qxd7 Qh5 36. Bf5+ Kg8 37. Qd8+ Kf7 38. Qd5+ Kf8 39. Qc5+ 1-0

[Event "Oberliga Ost-A 1213"]
[Site "Germany"]
[Date "2012.12.09"]
[Round "4.6"]
[White "Hansch, Karsten"]
[Black "Kieslich, Aaron"]
[Result "1-0"]
[WhiteElo "2019"]
[BlackElo "1987"]
[PlyCount "113"]
[EventDate "2012.10.14"]
[EventType "team-tourn"]
[EventRounds "11"]
[EventCountry "GER"]
[SourceTitle "EXT 2014"]
[Source "ChessBase"]
[SourceDate "2013.11.20"]
[SourceVersion "1"]
[SourceVersionDate "2013.11.20"]
[SourceQuality "1"]
[WhiteTeam "Magdeburg Aufbau Elbe"]
[BlackTeam "Coswig"]
[WhiteTeamCountry "GER"]
[BlackTeamCountry "GER"]

1. c4 c5 2. g3 Nf6 3. Bg2 e6 4. Nf3 Nc6 5. 0-0 Be7 6. b3 0-0 7. Bb2 Qc7 8. Nc3 a6 9. d4 cxd4 10. Nxd4 d6 11. Rc1 Bd7 12. Nd5 Qd8 13. Nxe7+ Qxe7 14. Ba3 Rfd8 15. Rc2 Nxd4 16. Qxd4 Bc6 17. Rd1 Bxg2 18. Kxg2 Qc7 19. Qd3 Qc6+ 20. Qf3 d5 21. Be7 Rd7 22. Bxf6 gxf6 23. Rcd2 Rad8 24. Rd4 Kf8 25. b4 Ke7 26. c5 e5 27. Rh4 Rh8 28. Qg4 d4+ 29. Kg1 Qa4 30. e3 dxe3 31. Rxd7+ Qxd7 32. Qxd7+ Kxd7 33. fxe3 Ke6 34. Kf2 f5 35. Rc4 Kd5 36. Rc2 h5 37. Rd2+ Kc4 38. Rd7 Kxb4 39. Rxb7+ Kxc5 40. Rxf7 f4 41. gxf4 exf4 42. Rxf4 Rb8 43. Rf5+ Kc4 44. Rxh5 Rb2+ 45. Kf3 Rxa2 46. Rh8 a5 47. h4 a4 48. Ra8 a3 49. h5 Ra1 50. h6 a2 51. Kg2 Rd1 52. h7 a1Q 53. Rxa1 Rd8 54. Rc1+ Kb5 55. Kg3 Kb6 56. Kg4 Rh8 57. Rh1 1-0